书目信息 |
| 题名: |
物候学
|
|
| 作者: | 宛敏渭 , 竺可桢 著 | |
| 分册: | ||
| 出版信息: | 北京 科学出版社 1980 |
|
| 页数: | 175页 | |
| 开本: | 19cm | |
| 丛书名: | 科学丛书 | |
| 单 册: | ||
| 中图分类: | Q142.2 | |
| 科图分类: | ||
| 主题词: | 物候学 | |
| 电子资源: | ||
| ISBN: | ||
| 000 | 00659nam2 2200265 45 | |
| 001 | 0180009041 | |
| 005 | 20060812173018.39 | |
| 010 | @dCNY0.50 | |
| 091 | @a13031.1329 | |
| 100 | @a19950428d1980 em y0chiy0121 ea | |
| 101 | 0 | @achi |
| 102 | @aCN@b110000 | |
| 105 | @ay z 000yy | |
| 200 | 10 | @a物候学@Awu hou xue@f竺可桢, 宛敏渭著 |
| 210 | @a北京@c科学出版社@d1980 | |
| 215 | @a175页@d19cm | |
| 225 | 2 | @a科学丛书 |
| 410 | 0 | @120010@a科学丛书 |
| 606 | @a物候学 | |
| 690 | @aQ142.2@v3 | |
| 701 | 0 | @a宛敏渭@Awan min wei@4著 |
| 701 | 0 | @a竺可桢@Azhu ke zhen@4著 |
| 801 | 2 | @aCN@bNLC@c20060812 |
| 801 | 0 | @aCN@bTSSF |
| 905 | @a10447@dQ142.2@e95 | |
| 物候学/竺可桢, 宛敏渭著.-北京:科学出版社,1980 |
| 175页;19cm.-(科学丛书) |
| ISBN :CNY0.50 |
| ● |
| 相关链接 |
|
|
|
|
正题名:物候学
索取号:Q142.2/95
 
预约/预借
| 序号 | 登录号 | 条形码 | 馆藏地/架位号 | 状态 | 备注 |
| 1 | 0452511 | 204525111 | 密集书库/ [索取号:Q142.2/95] | 在馆 |